Thấm và ăn mòn kết cấu bê tông cốt thép
Nội dung sách gồm các kiến thức cơ bản nhất về kết cấu thép, giúp người học có thể thiết kế được các cấu kiện chính bằng thép, nội dung về cơ chế thấmcủa chất lưu qua bê tông, bản chất, cơ sở lý thuyết mô phỏng và thực nghiệ...
Saved in:
| Main Author: | |
|---|---|
| Format: | Book |
| Language: | Undetermined |
| Published: |
Hà Nội
Xây dựng
2014
|
| Subjects: | |
| Tags: |
Add Tag
No Tags, Be the first to tag this record!
|
| Institutions: | Trung tâm Học liệu Trường Đại học Cần Thơ |
|---|
| LEADER | 01077nam a2200205Ia 4500 | ||
|---|---|---|---|
| 001 | CTU_227278 | ||
| 008 | 210402s9999 xx 000 0 und d | ||
| 020 | |c 116000 | ||
| 082 | |a 624.18341 | ||
| 082 | |b Tr513 | ||
| 100 | |a Nguyễn, Viết Trung | ||
| 245 | 0 | |a Thấm và ăn mòn kết cấu bê tông cốt thép | |
| 245 | 0 | |c Nguyễn Viết Trung (Chủ biên), Trần Thế Truyền, Hồ Xuân Tú | |
| 260 | |a Hà Nội | ||
| 260 | |b Xây dựng | ||
| 260 | |c 2014 | ||
| 520 | |a Nội dung sách gồm các kiến thức cơ bản nhất về kết cấu thép, giúp người học có thể thiết kế được các cấu kiện chính bằng thép, nội dung về cơ chế thấmcủa chất lưu qua bê tông, bản chất, cơ sở lý thuyết mô phỏng và thực nghiệm đo đạc độ thấm. | ||
| 650 | |a Steel, structural,Kết cấu thép | ||
| 904 | |i Tuyến | ||
| 980 | |a Trung tâm Học liệu Trường Đại học Cần Thơ | ||